| 000 | 00655nam a2200181 a 4500 | ||
|---|---|---|---|
| 001 | 000043027 | ||
| 005 | 20201002040601.0 | ||
| 008 | 140217s2005 xxu 001 0 spa d | ||
| 020 | _a006073132x | ||
| 040 |
_aDO-SdBNP _bspa _cBNPHU |
||
| 100 | 1 |
_aLevitt, Steven D. _970553 |
|
| 245 | 1 | 0 |
_aFreakonomics : _ba rogue economist, explores the hidden, side of everything / _cSteven D. Levitt, Stephen J. Dubner. |
| 260 |
_aNew York, : _bHarper Collins publishers, _c2005. |
||
| 300 |
_a242 p. ; _c24 cm. |
||
| 500 | _aIncluye datos biograficos de los autores en la solapa de la contraportada | ||
| 500 | _aIncluye índice | ||
| 700 | 1 |
_aDubner, Stephen J. _970554 |
|
| 999 |
_c42516 _d42516 |
||